| 000 | 01237nam a2200265 u 4500 | ||
|---|---|---|---|
| 001 | 000605314 | ||
| 003 | AM-YeHGA | ||
| 005 | 20250617135437.0 | ||
| 008 | 081017s1978 ||||||||r|||||000|0|rus|d | ||
| 040 | _aAM-YeHGA | ||
| 041 | 0 | _arus | |
| 245 | 0 | 0 |
_aФизические методы и вопросы метрологии биомедицинских измерений : _bТезисы докладов V Всесоюзной конференции 24 - 27 октября 1978 г. / _cГосударственный комитет СССР по стандартам, АМН СССР, ВДНХ СССР ; ред. Р.С. Дадашев. |
| 260 |
_aМосква : _b[Б. и.], _c1978. |
||
| 300 |
_a282 с. : _bил. ; _c22 см. |
||
| 650 | 1 | 4 | _aКонференции |
| 650 | 1 | 4 | _aБиометрия |
| 650 | 1 | 4 | _aБиомеханика |
| 650 | 1 | 4 | _aСтандартов классификация |
| 650 | 1 | 4 | _aНаучные исследования |
| 700 | 1 |
_aДадашев, Р.С. _eред. _4edt |
|
| 710 | 2 | _aГосударственный комитет СССР по стандартам | |
| 710 | 2 | _aАкадемия медицинских наук СССР | |
| 710 | 2 | _aВДНХ СССР | |
| 090 | _c202009 | ||
| 999 |
_c200524 _d200524 |
||